| 000 | 00342 a2200109 4500 | ||
|---|---|---|---|
| 090 |
_c5126 _d5126 |
||
| 100 | _aShakil Faruqi | ||
| 110 | _aInstitute of Bankers Pakistan | ||
| 245 |
_aGlossary Banking and Finance _bEnglish- English -Urdu |
||
| 260 |
_aState Bank of Pakistan _bInstitute of Bankers Pakistan _c1999 |
||
| 942 |
_aNBS _cBK _k332.103 FAR |
||
| 999 |
_c347546 _d347546 |
||